Call of Duty All Zombies Maps (WaW - WW2) - Statistics

General Stats
  • This quiz has been taken 245 times
    218 since last reset
  • The average score is 19 of 39
Answer Stats
Hint Answer % Correct
BO Zombies Map Kino Der Toten
89%
WaW Zombies Map Nacht Der Untoten
85%
WaW Zombies Map Shi No Numa
79%
BO3 Zombies Map The Giant
79%
WaW Zombies Map Der Riese
74%
BO Zombies Map 'Five'
74%
BO Zombies Map Moon
71%
WaW Zombies Map Verruckt
69%
BO2 Zombies Map Origins
68%
BO Zombies Map Shangri-La
67%
BO Zombies Map Call of the Dead
66%
BO2 Zombies Map Farm
66%
BO Zombies Map Ascension
65%
BO2 Zombies Map Die Rise
65%
BO2 Zombies Map Buried
64%
BO2 Zombies Map Town
64%
BO2 Zombies Map Mob of The Dead
63%
BO3 Zombies Map Shadows of Evil
53%
BO2 Zombies Map Transit
50%
BO3 Zombies Map Dead Ops Arcade 2
48%
BO3 Zombies Map Der Eisendrache
47%
BO3 Zombies Map Revelations
45%
BO2 Zombies Map Bus Depot
44%
BO3 Zombies Map Gorod Krovi
41%
BO Zombies Map Dead Ops Arcade
38%
IW Zombies Map Zombies in Spaceland
38%
BO2 Zombies Map Diner
35%
BO3 Zombies Map Zetsubo No Shima
30%
AW Zombies Map Carrier
26%
WW2 Zombies Map The Final Reich
24%
AW Zombies Map Infection
22%
IW Zombies Map Rave in the Redwoods
21%
IW Zombies Map Attack of the Radioactive Thing
19%
AW Zombies Map Descent
19%
IW Zombies Map Shaolin Shuffle
18%
IW Zombies Map The Beast From Beyond
11%
AW Zombies Map Exo Zombies
6%
WW2 Zombies Map Groesten Haus
6%
WW2 Zombies Map The Darkest Shores
1%
No matching quizzes found
Score Distribution
Percent of People with Each Score
Percentile by Number Answered
Your Score History
You have not taken this quiz since the last reset